| 000 | 00366nam a2200157Ia 4500 | ||
|---|---|---|---|
| 008 | 210716s2016 xx 000 0 und d | ||
| 020 | _a9788170081197 | ||
| 041 | _aeng | ||
| 082 | _a004.694 BHUM | ||
| 100 | _aBhusry, Mamta. | ||
| 245 | _aE-commerce. | ||
| 250 | _a1 | ||
| 260 |
_aNew Delhi _bFirewall media _c2016 |
||
| 300 | _aviii,215 | ||
| 650 | _aE-Commerce | ||
| 999 |
_c195574 _d195574 |
||